00353nam a2200133Ia 4500008004100000020001500041041001200056100001600068245006600084260003400150300000800184650001400192700001300206221030s9999 xx 000 0 und d a8175152575 aEnglish aE. Horowitz 0aFundamentals of Computer Algorithmscby E. Horowitz, S. Sahni bGalgotia PubaNew Delhic2015 a769 aComputers aS. Sahni